|
|
|
|
| LEADER |
00000nam0a2200000 4500 |
| 001 |
169591 |
| 005 |
20231201112601.0 |
| 035 |
|
|
|a (RuTPU)RU\TPU\book\183952
|
| 090 |
|
|
|a 169591
|
| 100 |
|
|
|a 20091116d1964 m y0rusy50 ca
|
| 101 |
0 |
|
|a rus
|
| 102 |
|
|
|a RU
|
| 105 |
|
|
|a a z 001zy
|
| 200 |
1 |
|
|a Художник и книга
|f Э. Д. Кузнецов
|
| 210 |
|
|
|a Ленинград
|c Художник РСФСР
|d 1964
|
| 215 |
|
|
|a 80 с.
|c ил., цв. ил.
|
| 320 |
|
|
|a Список иллюстраций: с. 78-79.
|
| 606 |
1 |
|
|a Книжная графика
|9 40948
|
| 610 |
1 |
|
|a книга
|
| 610 |
1 |
|
|a иллюстрации
|
| 610 |
1 |
|
|a оформление
|
| 610 |
1 |
|
|a художники
|
| 675 |
|
|
|a 76:655
|v 4
|z rus
|
| 700 |
|
1 |
|a Кузнецов
|b Э. Д.
|g Эраст Давыдович
|
| 801 |
|
1 |
|a RU
|b 63413507
|c 20091116
|
| 942 |
|
|
|c BK
|